| 000 | 00592nam a2200193 u 4500 | ||
|---|---|---|---|
| 005 | 20240214063622.0 | ||
| 008 | 190320s1999 r 000 0 eng d | ||
| 020 | _a968838447X | ||
| 035 | _aUPN01000229735 | ||
| 049 | _aCG | ||
| 050 | 4 |
_aHN120 Z9 _bP7.6 |
|
| 245 | 0 | 0 | _aPrograma nacional de atención a regiones prioritarias. |
| 260 |
_aMéxico : _bSAGAR : _bSEP, _c1999. |
||
| 300 |
_a81 p. : _bil. col., tablas |
||
| 650 | 4 |
_aDesarrollo rural _zMéxico _914173 |
|
| 610 | 2 | 4 |
_aPROGRAMA NACIONAL DE ATENCION A REGIONES PRIORITARIAS (MEXICO) _927502 |
| 905 | _aLibro | ||
| 999 |
_c201830 _d201830 |
||